ՀՀ Գիտությունների ազգային ակադեմիայի հիմնարար գիտական գրադարան  =   Fundamental Scientific Library of NAS RA

Григ / (Record no. 163971)

MARC details
000 -LEADER
fixed length control field 00731nam a2200217 u 4500
001 - CONTROL NUMBER
control field 000449883
003 - CONTROL NUMBER IDENTIFIER
control field AM-YeHGA
005 - DATE AND TIME OF LATEST TRANSACTION
control field 20250617133325.0
008 - FIXED-LENGTH DATA ELEMENTS--GENERAL INFORMATION
fixed length control field 050712s1984 ||||||||||||||||||||rus|d
040 ## - CATALOGING SOURCE
Original cataloging agency AM-YeHGA
041 0# - LANGUAGE CODE
Language code of text/sound track or separate title rus
090 ## - LOCALLY ASSIGNED LC-TYPE CALL NUMBER (OCLC); LOCAL CALL NUMBER (RLIN)
-- 165394
100 1# - MAIN ENTRY--PERSONAL NAME
Personal name Асафьев, Борис Владимирович.
245 10 - TITLE STATEMENT
Title Григ /
Statement of responsibility, etc. Б. Асафьев.
260 ## - PUBLICATION, DISTRIBUTION, ETC.
Place of publication, distribution, etc. Ленинград :
Name of publisher, distributor, etc. Музыка,
Date of publication, distribution, etc. 1984.
300 ## - PHYSICAL DESCRIPTION
Extent 88 с. :
Other physical details нот. ил.
600 14 - SUBJECT ADDED ENTRY--PERSONAL NAME
Personal name Григ, Эдвард Хагеруп
Dates associated with a name 1843-1907
650 14 - SUBJECT ADDED ENTRY--TOPICAL TERM
Topical term or geographic name entry element Композиторы норвежские
Chronological subdivision 19 в.
650 14 - SUBJECT ADDED ENTRY--TOPICAL TERM
Topical term or geographic name entry element Музыкальная культура
Geographic subdivision Норвегия
653 0# - INDEX TERM--UNCONTROLLED
Uncontrolled term Норвежская музыка, 19 в.
Holdings
Withdrawn status Lost status Damaged status Not for loan Collection Home library Current library Date acquired Total checkouts Full call number Barcode Date last seen Price effective from Koha item type Public note
        General Fundamental Scientific Library Fundamental Scientific Library 28/12/2016   PII/526803 FL0178586 28/12/2016 28/12/2016 Գրքեր / Books 30 Days Loan
        General Fundamental Scientific Library Fundamental Scientific Library 28/12/2016   PII/551008 FL0137137 28/12/2016 28/12/2016 Գրքեր / Books 30 Days Loan


ՀՀ ԳԱԱ հիմնարար գիտական գրադարան
ՀՀ,Երևան 0019
Մարշալ Բաղրամյան 24/6
հեռախոս:(374-10) 52-47-50
Հետադարձ կապ

All site content, except where otherwise noted, is licensed under a
Creative Commons License